| 000 | 01081cpcaa22002897a 4500 | ||
|---|---|---|---|
| 001 | mm 80002351 | ||
| 003 | DLC | ||
| 005 | 20260227111700.0 | ||
| 008 | 800129|||||||||||| eng | ||
| 010 | _amm 80002351 | ||
| 040 |
_aDLC _cDLC _edacs _dDLC |
||
| 072 | 7 |
_aW _2lcmd |
|
| 100 | 1 |
_aWindom, William, _d1827-1891. |
|
| 245 | 0 | 0 |
_aWilliam Windom correspondence, _f1865-1873. |
| 300 |
_a3 _fitems. |
||
| 506 | 0 | _aOpen to research. | |
| 533 |
_aIn part, typewritten transcript. _b[S.l.]. |
||
| 545 | 0 | _aU.S. senator and representative from Minnesota, U.S. secretary of the treasury, and lawyer. | |
| 546 | _aCollection material in English. | ||
| 580 | _aForms part of: Miscellaneous Manuscripts collection. | ||
| 656 | 7 |
_aCabinet officers. _2itoamc |
|
| 656 | 7 |
_aLawyers. _2itoamc |
|
| 656 | 7 |
_aRepresentatives, U.S. Congress _zMinnesota. _2itoamc |
|
| 656 | 7 |
_aSenators, U.S. Congress _zMinnesota. _2itoamc |
|
| 999 |
_c42556 _d42556 |
||